Loading...
The mysterious flame of queen Loana /
| Main Author: | |
|---|---|
| Other Authors: | |
| Format: | Printed Book |
| Language: | English |
| Published: |
London:
Vintage,
c2006.
|
| Subjects: |
| LEADER | 00569 a2200169 4500 | ||
|---|---|---|---|
| 008 | 150103s9999 000 0 eng | ||
| 020 | |a 9780099481379 | ||
| 082 | |a 853 | ||
| 100 | |a Eco, Umberto. | ||
| 245 | |a The mysterious flame of queen Loana / | ||
| 260 | |a London: |b Vintage, |c c2006. | ||
| 300 | |a 457 p. | ||
| 650 | |a Italian fiction. | ||
| 700 | |a Brock, Geoffrey | ||
| 942 | |c BK | ||
| 999 | |c 308290 |d 308290 | ||
| 952 | |0 0 |1 0 |2 ddc |4 0 |6 853_000000000000000_ECO_MY |7 0 |9 353818 |a DRA |b DRA |c ST1 |d 2017-05-02 |i 10021 |l 1 |o 853 ECO/MY |p DRA10021 |r 2018-09-25 |s 2017-10-20 |v 650.00 |w 2017-05-02 |y BK | ||